Claudio Villa-Parlami d'amore Mariù (Record no. 99561)

MARC details
000 -LEADER
fixed length control field 02545njm a2200457Ia 4500
001 - CONTROL NUMBER
control field 24689
003 - CONTROL NUMBER IDENTIFIER
control field IT-RoPAU
005 - DATE AND TIME OF LATEST TRANSACTION
control field 20220918181118.0
008 - FIXED-LENGTH DATA ELEMENTS--GENERAL INFORMATION
fixed length control field 131025s9999 xx 000 0 und d
040 ## - CATALOGING SOURCE
Original cataloging agency IT-RoPAU
040 ## - CATALOGING SOURCE
Transcribing agency IT-RoPAU
041 ## - LANGUAGE CODE
Language code of text/sound track or separate title ITALIANO
999 ## - SYSTEM CONTROL NUMBERS (KOHA)
Koha Dewey Subclass [OBSOLETE] n.d.
100 ## - MAIN ENTRY--PERSONAL NAME
Personal name AA.VV.
9 (RLIN) 794
100 ## - MAIN ENTRY--PERSONAL NAME
Relator term Autore musica
9 (RLIN) 11717
100 ## - MAIN ENTRY--PERSONAL NAME
Miscellaneous information Codice autore musica SPICS: 12000
9 (RLIN) 796
245 ## - TITLE STATEMENT
Title Claudio Villa-Parlami d'amore Mariù
250 ## - EDITION STATEMENT
Edition statement 1a ed.
260 ## - PUBLICATION, DISTRIBUTION, ETC. (IMPRINT)
Place of publication, distribution, etc. TORINO
260 ## - PUBLICATION, DISTRIBUTION, ETC. (IMPRINT)
Name of publisher, distributor, etc. FONIT CETRA
Date of publication, distribution, etc. 1972 [1a Ed.:1972]
300 ## - PHYSICAL DESCRIPTION
Extent DISCO
300 ## - PHYSICAL DESCRIPTION
Dimensions 31 minuti (Testo: pag.)
500 ## - GENERAL NOTE
General note Canzone italiana.
505 ## - FORMATTED CONTENTS NOTE
Formatted contents note Signorinella (4:00) - Firenze sogna (3:00) - Piccola santa (4:00) - Vivere (4:00) - Fili d'oro (4:00) - Parlami d'amore Mariù (4:00) - Torna piccina (4:00) - Un'ora sola ti vorrei (3:00) - Maria la O (3:00) - Mamma (3:00) -
650 ## - SUBJECT ADDED ENTRY--TOPICAL TERM
Topical term or geographic name as entry element CANZONE ITALIAN [DISCHI]
Relator term Codice MATERIA SPICS: 9950
9 (RLIN) 11718
700 ## - ADDED ENTRY--PERSONAL NAME
Personal name Villa Claudio
Miscellaneous information Codice interprete SPICS: 1155
Relator term Interprete
9 (RLIN) 11719
700 ## - ADDED ENTRY--PERSONAL NAME
Personal name Bovio Libero
Miscellaneous information Codice autore musica SPICS: 13462
Relator term Autore musica
Name of part/section of a work Signorinella
9 (RLIN) 11720
700 ## - ADDED ENTRY--PERSONAL NAME
Personal name Valente Nicola
Miscellaneous information Codice autore testo/musica SPICS: 13463
Relator term Autore testo/musica
Name of part/section of a work Signorinella
9 (RLIN) 11721
700 ## - ADDED ENTRY--PERSONAL NAME
Personal name Cesarini Cesare
Miscellaneous information Codice autore testo/musica SPICS: 13620
Relator term Autore testo/musica
Name of part/section of a work Firenze sogna
9 (RLIN) 11722
700 ## - ADDED ENTRY--PERSONAL NAME
Personal name Di Lazzaro Eldo
Miscellaneous information Codice autore musica SPICS: 13500
Relator term Autore musica
Name of part/section of a work Piccola santa
9 (RLIN) 11723
700 ## - ADDED ENTRY--PERSONAL NAME
Personal name Mari Astro
Miscellaneous information Codice autore testo/musica SPICS: 13565
Relator term Autore testo/musica
Name of part/section of a work Piccola santa
9 (RLIN) 11724
700 ## - ADDED ENTRY--PERSONAL NAME
Personal name Bixio Cesare Andrea
Miscellaneous information Codice autore testo/musica SPICS: 13441
Relator term Autore testo/musica
Name of part/section of a work Vivere - Parlami d'amore Mariù - Torna piccina - Mamma
9 (RLIN) 11725
700 ## - ADDED ENTRY--PERSONAL NAME
Personal name Buongiovanni Francesco
Miscellaneous information Codice autore musica SPICS: 13465
Relator term Autore musica
Name of part/section of a work Fili d'oro
9 (RLIN) 11726
700 ## - ADDED ENTRY--PERSONAL NAME
Personal name Capurro Giovanni
Miscellaneous information Codice autore testo/musica SPICS: 13137
Relator term Autore testo/musica
Name of part/section of a work Fili d'oro
9 (RLIN) 11727
700 ## - ADDED ENTRY--PERSONAL NAME
Personal name Neri Ely
Miscellaneous information Codice autore musica SPICS: 14256
Relator term Autore musica
Name of part/section of a work Parlami d'amore Mariù
9 (RLIN) 11728
700 ## - ADDED ENTRY--PERSONAL NAME
Personal name Bertini Umberto
Miscellaneous information Codice autore musica SPICS: 13511
Relator term Autore musica
Name of part/section of a work Un'ora sola ti vorrei
9 (RLIN) 11729
700 ## - ADDED ENTRY--PERSONAL NAME
Personal name Marchetti Gianni
Miscellaneous information Codice autore testo/musica SPICS: 11622
Relator term Autore testo/musica
Name of part/section of a work Un'ora sola ti vorrei
9 (RLIN) 11730
700 ## - ADDED ENTRY--PERSONAL NAME
Personal name Nisa (Salerno Nicola)
Miscellaneous information Codice autore musica SPICS: 13452
Relator term Autore musica
Name of part/section of a work Maria la O
9 (RLIN) 11731
700 ## - ADDED ENTRY--PERSONAL NAME
Personal name Lecuona M.
Miscellaneous information Codice autore testo/musica SPICS: 14010
Relator term Autore testo/musica
Name of part/section of a work Maria la O
9 (RLIN) 11732
942 ## - ADDED ENTRY ELEMENTS (KOHA)
Koha item type DISCHI
Source of classification or shelving scheme Dewey Decimal Classification
Holdings
Withdrawn status Lost status Damaged status Not for loan Home library Current library Date acquired Total Checkouts Full call number Date last seen Price effective from Koha item type Public note
    Buone Condizioni Not For Loan SPICS-MEDIATECA SPICS-MEDIATECA 25/10/2013   24689 25/10/2013 25/10/2013 DISCHI Progr. Ins.: 5384 / N.Vol.: 1 / Copie: 1 - Copia rara: n.d. / date import: 01.01.2014 - By Epidotti, Trombetti, Vaglietti
CREDITS: SOCIETA' SAN PAOLO Via A.Severo, 58 - ROMA (RM) & PERIODICI SAN PAOLO SRL Via Giotto, 36 MILANO & CISF Via Giotto, 36 MILANO & EDIZIONI SAN PAOLO SRL,  Piazza Soncino, 5 CINISELLO BALSAMO (MI) -- ITALY